000 01050nam a2200301 i 4500
003 EG-GICUC
005 20260422142137.0
008 260422s1908 ua fr|||| 001 0 eng d
040 _aEG-GiCUC
_beng
_cEG-GiCUC
_dEG-GiCUC
_erda
041 0 _aeng
082 0 4 _221
_a343.3
_bSI . C
092 0 4 _221
099 _aLaw1 10 343.3 SI . C 1 ed - 1908
100 1 _a Sibley, N. W.
_eAuthor.
245 1 0 _aCriminal Appeal And Evidence /
_cBy N. W. Sibley, B.a., Ll.m., Trin. H. Camb., And B.a. Lond., Barrister-at-law Of Lincoln's Inn.
264 _a LONDON :
_b T. FISHER UNWIN,
_c1908.
300 _a404 pages ;
_c24 cm
336 _2rda content
_atext
337 _2rda media
_aComputer
338 _2rda carrier
_aOnline Resource
500 _aInternational Law as interpreted in the Russo-Japanese War" ;"The Aliens Act and Right of Asylum".
546 _aText in English
650 1 4 _aDroit pénal.
_2qrmak
651 1 _2qrmak
856 4 0 _uhttps://fll.law.cu.edu.eg/fulltext/bks/B10-10684.pdf
905 _a171
942 _2ddc
_cBK
_e21
_n0
999 _c72828
_d72828